| 000 | 00712cam a22001937a 4500 | ||
|---|---|---|---|
| 003 | MX-MxUPN | ||
| 005 | 20250609115444.0 | ||
| 008 | 250606s1996 jp| |||fr|||| 000 0 spa d | ||
| 040 |
_aMX-MxUPN _bspa |
||
| 041 | _aspa | ||
| 050 | 4 |
_aHF5549 _bA64 1996 |
|
| 111 | 2 |
_aAPEC Symposium on Human Resources Development _d(1996 : _cChiba, Japan) _956860 |
|
| 245 | 1 | 0 |
_aProceedings of the APEC symposium on human resources development enterprises : _b"human resources development in enterprises" |
| 260 |
_aChiba, Japan : _bMinistry of Labour, _c1996 |
||
| 300 |
_a88 páginas : _bgráficos, fotografías |
||
| 650 | 4 |
_aRecursos humanos _vCongresos _956827 |
|
| 902 | _bVíctorGodínez/090625 | ||
| 942 |
_2lcc _cLIBRO |
||
| 999 |
_c213448 _d213448 |
||